000 00951nam a2200229Ia 4500
001 241
003 GE_BSU
008 181216s||||||||xx |||||||||||||| ||und||
020 _a9789994075546
040 _cGE_BSU
080 _a821.353.1
245 _aქართული ჰაგიოგრაფიული ძეგლები. ტ.2
245 _bორიგინალური ტექსტები და ახალი ქართული თარგმანები:3 ტომად
245 _cრედ. ლევან აბაშიძე
260 _aთბილისი
260 _c2007
300 _a651გვ.
541 _h7ლ.
653 _aსიბრძნე ბალავარისა; წმინდა გრიგოლ ხანცთელის ცხოვრება
653 _aქართული ჰაგიოგრაფიული ძეგლები
942 _cBK
999 _c34492
_d34492